1296 1530 1602 1736 1478 1158 1550 1440 1742 1726 1774 1509 1979 1160 1848 1081 1840 1222 1391 1278 1782 1254 1255 1410 1050 1351 1494 1808 1822 1444 1050 1813 1136 1333 1993 1397 1047 1106 1344 1299 1653 1218 1511 1620 1995 1002 1588 1937 1850 1251 1881 1616 1299 1230 1239 1038 1181 1039 1283 1025 1722 1323 1843 1034 1529 1534 1935 1337 1874 1878 1098 1004 1172 1972 1703 1734 1025 1735 1316 1562 1055 1254 1246 1223 1159 1232 1017 1537 1281 1646 1506 1407 1436 1401 1911 1597 1058 1956 1441 BCNSPRNW ULIB Ver.6.0+V

เปลี่ยนเป็นภาษาไทย

Change to English
 แสดงรายละเอียดบรรณานุกรม
  กลับหน้าหลัก

Brief Record : Get Marc (ISO 2709) : E-mail record : QR code < ปิดหน้าต่าง
LEADER : 00000nam 2200000uu 4500
001    13399127655
003     ULIB
008    210315s2563||||th 000 0 tha d
020    ^a9786168235089
060  0 ^aWC501^bพ653ค
100 0  ^aพิเชษฐ บัญญัติ
245 00 ^aคู่มือเอาตัวรอดจากไวรัส COVID-19/^cพิเชษฐ บัญญัติ
250    ^aพิมพ์ครั้งที่ 1
260    ^aกรุงเทพฯ:^bเซเว่นดี บุ๊ค,^c2563
650  0 ^aไวรัสโคโรนา
650  0 ^aไวรัสวิทยาทางการแพทย์
650  0 ^aCOVID-19
856    ^a^zสารบัญ^uhttps://drive.google.com/file/d/1-jXBRw53a4ZC8P3H-TjUxrXOgmVh8yAa/view?usp=sharing
945    ^p240^l0^i28706
945    ^p240^l0^i28707
945    ^p240^l0^i28708
945    ^p240^l0^i28709
945    ^p240^l0^i28710
999    ^aกัณชพร จุลอักษร
รายการนี้ยังไม่มีแท็ก
คุณยังไม่ได้ล็อกอิน คุณสามารถมีกิจกรรมร่วมกับเว็บไซต์ได้ แต่ต้องล็อกอินก่อน ::
  ล็อกอิน

รายการสื่อสารสนเทศ

ลำดับที่ ประเภท เลขเรียก/บาร์โค้ด สถานที่ สถานะ
1. หนังสือสำรอง
หนังสือสำรอง
WC501 พ653ค ฉ.1 
  Barcode: 28706
ห้องสมุดวิทยาเขตนครสวรรค์
►หนังสือทั่วไป:l:General Books
บนชั้น
2. วิทยาศาสตร์การแพทย์ และสุขภาพ
วิทยาศาสตร์การแพทย์ และสุขภาพ
WC501 พ653ค ฉ.2 
  Barcode: 28707
ห้องสมุดวิทยาเขตนครสวรรค์
►หนังสือทั่วไป:l:General Books
บนชั้น
3. วิทยาศาสตร์การแพทย์ และสุขภาพ
วิทยาศาสตร์การแพทย์ และสุขภาพ
WC501 พ653ค ฉ.3 
  Barcode: 28708
ห้องสมุดวิทยาเขตนครสวรรค์
►หนังสือทั่วไป:l:General Books
บนชั้น
4. วิทยาศาสตร์การแพทย์ และสุขภาพ
วิทยาศาสตร์การแพทย์ และสุขภาพ
WC501 พ653ค ฉ.4 
  Barcode: 28709
ห้องสมุดวิทยาเขตนครสวรรค์
►หนังสือทั่วไป:l:General Books
บนชั้น
5. วิทยาศาสตร์การแพทย์ และสุขภาพ
วิทยาศาสตร์การแพทย์ และสุขภาพ
WC501 พ653ค ฉ.5 
  Barcode: 28710
ห้องสมุดวิทยาเขตนครสวรรค์
►หนังสือทั่วไป:l:General Books
บนชั้น

รายการใกล้เคียง
    ผู้แต่ง [พิเชษฐ บัญญัติ]

    หัวเรื่อง [ไวรัสโคโรนา]
    หัวเรื่อง [ไวรัสวิทยาทางการแพทย์]
    หัวเรื่อง [COVID-19]

BibComment


ยังไม่เคยถูกคอมเมนท์

คอมเมนท์ทรัพยากรรายการนี้
  คอมเมนท์: คู่มือเอาตัวรอดจ..


 Copyright 2026. Bcnsprnw @Library